| 000 | 01067cam a22003251a 4500 | ||
|---|---|---|---|
| 001 | 7040461 | ||
| 003 | OSt | ||
| 005 | 20140310182001.0 | ||
| 008 | 720505s1963 nyua j 000 1 eng | ||
| 010 | _a 63009334 | ||
| 020 | _a0590443526 | ||
| 035 | _a(OCoLC)302179 | ||
| 040 |
_aDLC _cODaWU _dOCoLC _dLLcM _dDLC |
||
| 043 | _an-us-mt | ||
| 050 | 0 | 0 |
_aPZ 7 _b.W648 1991 |
| 082 |
_aKF _bW63l 1991 |
||
| 100 | 1 |
_aWier, Ester. _95202 |
|
| 245 | 1 | 4 |
_aThe loner / _cEster Wier ; illustrated by Christine Price. |
| 260 |
_aNew York : _bD. McKay Co., _c1991 |
||
| 300 |
_a153 p. ; _bill. ; _c21 cm. |
||
| 520 | _aA lonely boy who has no home and works as a migrant laborer makes friends with a sheep-raising family. | ||
| 541 | _j1 | ||
| 562 | _eFor circulation. 1 copy available in the collection | ||
| 650 | 1 |
_aMigrant labor _xFiction. _95203 |
|
| 650 | 1 |
_aShepherds _xFiction. _95204 |
|
| 651 | 1 |
_aMontana _xFiction. _95205 |
|
| 700 | 1 |
_aPrice, Christine, _d1928- _eill. _95206 |
|
| 906 |
_a7 _bcbc _coclcrpl _du _encip _f19 _gy-gencatlg |
||
| 942 |
_2lcc _cBK-KF _kKF |
||
| 999 |
_c8012 _d8012 |
||